Τα υφαντά της Λέσβου
Saved in:
| Main Author: | |
|---|---|
| Format: | Book |
| Language: | Greek |
| Published: |
Αθήνα :
Δήμος Μυτιλήνης, Λεσβιακός Οργανισμός Λαϊκής Τέχνης,
1990.
|
| Subjects: | |
| Tags: |
Add Tag
No Tags, Be the first to tag this record!
|
MARC
| LEADER | 00000cam a2200000 i 4500 | ||
|---|---|---|---|
| 001 | 1/103328 | ||
| 008 | 950515s1990 gre d | ||
| 035 | |l 10012845 | ||
| 040 | |a GR-MY-UA |b gre |e aacr | ||
| 041 | 0 | |a gre | |
| 082 | 0 | |a 746.09499 | |
| 100 | 1 | |a Αναγνωστοπούλου, Μαρία Α., |d 1922- | |
| 245 | 1 | 3 | |a Τα υφαντά της Λέσβου / |c Μαρία Αχ. Αναγνωστοπούλου. |
| 260 | |a Αθήνα : |b Δήμος Μυτιλήνης, Λεσβιακός Οργανισμός Λαϊκής Τέχνης, |c 1990. | ||
| 300 | |a 80 σ. : |b εικ. | ||
| 504 | |a Περιέχει ευρετήριο. | ||
| 650 | 0 | 0 | |a Weaving |z Greece |z Lesbos (Municipality) |
| 852 | |a INST |b LESVOS |e 19950515 |h 746.09499 ANA |p 005100000858 |q 005100000858 |t BK |y 0 | ||
| 909 | |a Λ |b 033149 | ||
| 922 | |a 1ΔΩΡ |b 199312 | ||